=LDR 00000nam 2200000 4500 =001 NUTBA000000000002479 =005 20140617153713.0 =006 =007 =008 =020 ##$$a 978-602-8733-56-4 =035 ##$$a 0010-061400000000422 =082 ##$$a 346.048 2 =090 ##$$a 346.048 2 Ind k =100 ##$$a Anggota IKAPI =245 ##$$a Kitab Undang-Undang Hak Kekayaan Intelektual =260 ##$$a Bandung $b Fokus Media $c 2011 =300 ##$$a 458 hlm $c 21 cm =990 ##$$a 21400613/BPAP-NTB/20142014